| 000 | 01086naa a2200301 c 4500 | ||
|---|---|---|---|
| 001 | 30416 | ||
| 003 | ES-MaCES | ||
| 005 | 19990701121100.0 | ||
| 008 | 980623n1998 xxu ||| | eng d | ||
| 035 | _aCES19980043669v | ||
| 040 |
_aES-MaCES _bspa _cES-MaCES |
||
| 100 | 1 |
_aKuhn, Peter _915982 |
|
| 245 | 1 | 0 |
_aWage loss following displacement _b: the role of union coverage _cPeter Kuhn and Arthur Sweetman |
| 504 | _aBibliografía: p. 400 | ||
| 650 | 4 |
_acuadros estadísticos _928890 |
|
| 650 | 4 |
_atrabajador sindicalizado _929645 |
|
| 650 | 4 |
_asindicalización _929454 |
|
| 650 | 4 |
_aderechos sindicales _929470 |
|
| 650 | 4 |
_adisminución salarial _929847 |
|
| 650 | 4 |
_adespido colectivo _928359 |
|
| 650 | 4 |
_amovilidad de la mano de obra _928354 |
|
| 653 | 1 | 0 | _aRelaciones laborales-Empleo |
| 700 | 1 |
_aSweetman, Arthur _924620 |
|
| 773 | 0 |
_tIndustrial and labor relations review _gVol. 51, n. 3 (abr. 1998){10695 R. 025762}; p. 384-400 _w(ES-MaCES)25696 _968777 |
|
| 902 | _aART Artículo de revista | ||
| 942 |
_2CES _cAR _h2.0. |
||
| 999 |
_c30416 _d30416 |
||